NFL Top 100 Spieler 2021 - Statistiken

Allgemein
  • Dieses Quiz wurde 736 mal gespielt
  • Das Durchschnittsergebnis liegt bei 54 aus 100
Antwortstatistiken
Rang Team Position Antwort % Korrekt
1 Chiefs QB Patrick Mahomes
99%
7 Buccaneers QB Tom Brady
97%
3 Packers QB Aaron Rodgers
96%
92 Eagles C Jason Kelce
93%
5 Chiefs TE Travis Kelce
93%
10 Bills QB Josh Allen
92%
55 Chargers WR Keenan Allen
91%
15 Chiefs WR Tyreek Hill
88%
2 Rams DT Aaron Donald
87%
4 Titans RB Derrick Henry
87%
12 Seahawks QB Russell Wilson
87%
24 Ravens QB Lamar Jackson
86%
6 Packers WR Davante Adams
83%
31 Seahawks S Jamal Adams
83%
49 Patriots CB J.C. Jackson
83%
77 Seahawks S Quandre Diggs
81%
11 Bills WR Stefon Diggs
81%
9 Steelers LB T.J. Watt
80%
66 Cardinals DE J.J. Watt
79%
14 Saints RB Alvin Kamara
78%
8 Cardinals WR DeAndre Hopkins
78%
34 Chiefs DT Chris Jones
75%
30 Packers RB Aaron Jones
74%
50 49ers TE George Kittle
74%
13 Rams CB Jalen Ramsey
74%
29 Titans WR Julio Jones
74%
53 Vikings WR Justin Jefferson
74%
18 Texans QB Deshaun Watson
73%
22 Seahawks WR DK Metcalf
72%
56 Chargers QB Justin Herbert
71%
39 Cardinals QB Kyler Murray
71%
48 Buccaneers WR Mike Evans
70%
16 Browns DE Myles Garrett
68%
32 Chargers DE Joey Bosa
66%
44 Panthers RB Christian McCaffrey
64%
20 Vikings RB Dalvin Cook
64%
62 Titans WR A.J. Brown
63%
26 Browns RB Nick Chubb
63%
40 Broncos LB Bradley Chubb
62%
25 Seahawks LB Bobby Wagner
61%
71 Browns QB Baker Mayfield
60%
76 Seahawks WR Tyler Lockett
58%
83 Titans QB Ryan Tannehill
57%
51 Packers LB Za'Darius Smith
57%
80 Vikings WR Adam Thielen
56%
81 Buccaneers WR Chris Godwin
54%
21 49ers LB Fred Warner
54%
19 Cardinals S Budda Baker
53%
28 Buccaneers LB Devin White
53%
72 Saints WR Michael Thomas
53%
95 Bills CB Tre'Davious White
53%
52 Steelers S Minkah Fitzpatrick
52%
35 Raiders TE Darren Waller
51%
68 Raiders RB Josh Jacobs
50%
23 Bears LB Khalil Mack
50%
58 Chiefs S Tyrann Mathieu
50%
41 Packers CB Jaire Alexander
49%
47 Patriots CB Stephon Gilmore
49%
17 Dolphins CB Xavien Howard
49%
42 49ers T Trent Williams
48%
84 Giants DE Leonard Williams
47%
33 Colts G Quenton Nelson
43%
27 Colts DT Deforest Buckner
42%
93 Lions TE T.J. Hockenson
42%
46 Saints DE Cameron Jordan
41%
61 Washington DE Chase Young
40%
91 Jets WR Corey Davis
40%
64 Saints LB Demario Davis
40%
37 Colts LB Darius Leonard
38%
43 Buccaneers LB Lavonte David
38%
87 Bears WR Allen Robinson
37%
100 Jaguars RB James Robinson
37%
78 Titans DT Jeffery Simmons
37%
45 Broncos S Justin Simmons
37%
86 Saints CB Marshon Lattimore
37%
63 Eagles DT Fletcher Cox
36%
65 Falcons WR Calvin Ridley
35%
57 Steelers DT Cameron Heyward
35%
94 Browns WR Jarvis Landry
35%
38 Ravens CB Marlon Humphrey
35%
36 Packers T David Bakhtiari
31%
73 Bengals DE Trey Hendrickson
31%
89 Buccaneers OL Tristan Wirfs
30%
88 Buccaneers LB Shaquil Barrett
29%
85 Cowboys OL Zack Martin
29%
90 Bengals S Jessie Bates
28%
96 Bills WR Cole Beasley
26%
75 Texans T Laremy Tunsil
26%
97 49ers FB Kyle Juszczyk
25%
79 Saints T Terron Armstead
24%
54 Falcons DT Grady Jarrett
23%
74 Giants CB James Bradberry
22%
59 Buccaneers LB Jason Pierre-Paul
22%
99 Eagles DE Brandon Graham
21%
70 Vikings LB Eric Kendricks
20%
60 Chargers C Corey Linsley
18%
98 Washington G Brandon Scherff
15%
82 Broncos OL Garett Bolles
12%
69 Colts C Ryan Kelly
11%
67 Raiders LB K.J. Wright
6%
Keine übereinstimmenden Quizze gefunden
Verteilung der Resultate
Anzahl Personen mit jedem Resultat
Perzentil nach korrekt beantworteten Fragen
Ihre Resultats-Entwicklung
Sie haben dieses Quiz noch nicht gespielt